Technological Innovations With the Robotization Focusing

Nastupujúca robotizácia nastoľuje nové výzvy na riešenie závažných problémov blízkej budúcnosti v mnohých oblastiach. Komplexnejší prístup k riadeniu duševného vlastníctva v sebe zahŕňa aj realizáciu a využitie inovačných aktivít, ktoré majú potenciál generovať efekty na trhu. Z toho dôvodu sa inová...

ver descrição completa

Na minha lista:
Detalhes bibliográficos
Autor principal: Matušovič, Martin
Formato: Capítulo de Livro
Idioma:eslovaco
Assuntos:
Tags: Adicionar Tag
Sem tags, seja o primeiro a adicionar uma tag!

MARC

LEADER 00000naa$a2200000$$$4500
001 0250100
005 20240523120023.1
041 0 |a slo 
044 |a SK 
245 1 0 |a Technological Innovations With the Robotization Focusing  |c Martin Matušovič 
520 |a Nastupujúca robotizácia nastoľuje nové výzvy na riešenie závažných problémov blízkej budúcnosti v mnohých oblastiach. Komplexnejší prístup k riadeniu duševného vlastníctva v sebe zahŕňa aj realizáciu a využitie inovačných aktivít, ktoré majú potenciál generovať efekty na trhu. Z toho dôvodu sa inovácie stávajú neoddeliteľnou súčasťou procesu riadenia duševného vlastníctva. 
610 2 0 |a inovácie sociálne 
610 2 0 |a inovácie technologické 
610 2 0 |a konkurencieschopnosť 
610 2 0 |a priemysel 4.0 
610 2 0 |a vlastníctvo duševné 
610 2 0 |a robotizácia 
610 2 0 |a zamestnanosť 
100 1 |a Matušovič, Martin